Statistics for Countries beginning with C

Click here to take the quiz!

General Stats

  • This quiz has been taken 56 times
    (34 since last reset)
  • The average score is 12 of 16

Answer Stats

Answer% Correct
China
97%
Chad
90%
Czech Republic
87%
Chile
84%
Canada
81%
Croatia
81%
Cameroon
77%
Cuba
77%
Central African Republic
74%
Cyprus
74%
Cambodia
71%
Colombia
71%
Comoros
71%
DR Congo
71%
Costa Rica
65%
Cape Verde
58%

Score Distribution

Percentile by Number Answered

Percent of People with Each Score

Your Score History

You have not taken this quiz since the last reset